000 00323nam a22001457a 4500
020 _a1-902260-85-6
082 _a823
_bHOF/V
100 _aHOFFMAN, MARY
245 _aVIRTUAL FRIEND
260 _aGREAT BRITIAN
_bBARRINGTON STOKE LTD
_c2001
300 _a59
520 _aSHORT STORY
650 _aSHORT STORY
942 _cBK
999 _c6033
_d6033